| 000 | 00516nam a2200181 4500 | ||
|---|---|---|---|
| 001 | 117712 | ||
| 003 | ES-MaACL | ||
| 005 | 20250407063115.0 | ||
| 007 | t| | ||
| 008 | 070214s1980 sp r ||||1| cat d | ||
| 100 | 1 |
_aPedrolo, Manuel de, _d1918-1991 _989937 |
|
| 245 | 1 | 0 |
_aTotes les bèsties de cáarrega / _cManuel de Pedrolo. |
| 250 | _a[1ª ed.]. | ||
| 260 |
_aBarcelona : _bEdicions 62, _c1980. |
||
| 300 |
_a300 p. ; _c19 cm. |
||
| 852 |
_aES-MaACL _jA-10928 _bR.100496 |
||
| 999 |
_c117712 _d117712 |
||